3 Things: TV Edition Quiz Stats

Quiz Updated Oct 7, 2017

Challenge
Share
Tweet
Embed
Score 0/36 Timer 06:00
1 Play Today
% Correct
3rd Rock from the Sun
94.3%
How you doin'?
93.2%
D'oh!
92.9%
Moe's Tavern
92.5%
Paddy's Pub
92.3%
Marvel's Agents of S.H.I.E.L.D.
92.2%
The Drunken Clam
90.9%
Ted Danson
89.5%
Velma Dinkley
89.5%
Seinfeld
89.3%
Family Feud
89%
Scooby-Doo
88.5%
Smurfs
88%
Thomas Magnum
87.9%
Encounter at Farpoint
87.8%
Fred Jones
87.5%
Yesterday's Enterprise
87.2%
Woody Harrelson
86.1%
% Correct
He-Man and the Masters of the Universe
86%
1 vs. 100
85.9%
Charlie Sheen
85.1%
Beat the Geeks
84.3%
Sayid Jarrah
83.6%
David Hasselhoff
83.6%
Kate Austen
81.9%
Giggity
81.7%
Daredevil
81.6%
Pamela Anderson
81.5%
Desmond Hume
80.4%
Bebe Neuwirth
76.6%
Gotham
74.7%
NewsRadio
72.3%
Rick Simon & A.J. Simon
69.9%
Spenser
69.9%
Q Who
67.2%
Dungeons and Dragons
66.1%

You're not logged in!

Compare scores with friends on all Sporcle quizzes.
Sign Up with Email
OR
Log In

You Might Also Like...

Show Comments

Extras

Top Quizzes Today


Score Distribution

Your Account Isn't Verified!

In order to create a playlist on Sporcle, you need to verify the email address you used during registration. Go to your Sporcle Settings to finish the process.